Obchodné podnikanie
Na minha lista:
| Autor principal: | |
|---|---|
| Outros Autores: | |
| Formato: | Livro |
| Idioma: | eslovaco |
| Publicado em: |
Bratislava
SPRINT vfra
2000
|
| Colecção: | Nová ekonómia
|
| Assuntos: | |
| Tags: |
Sem tags, seja o primeiro a adicionar uma tag!
|
MARC
| LEADER | 00000nam a2200000 4500 | ||
|---|---|---|---|
| 001 | c123333 | ||
| 005 | 20221123133224.2 | ||
| 020 | |a 80-88848-64-4 | ||
| 041 | 0 | |a slo | |
| 044 | |a SK | ||
| 245 | 1 | 0 | |a Obchodné podnikanie |c Elena Strážovská, Ľubomíra Strážovská |
| 264 | 1 | |a Bratislava |b SPRINT vfra |c 2000 | |
| 300 | |a 327 s. | ||
| 490 | 1 | |a Nová ekonómia | |
| 830 | 0 | |a Nová ekonómia | |
| 610 | 2 | 0 | |a podnikanie obchodné |
| 610 | 2 | 0 | |a podnikatelia |
| 610 | 2 | 0 | |a legislatíva |
| 610 | 2 | 0 | |a subjektivita právna |
| 610 | 2 | 0 | |a plán podnikateľský |
| 610 | 2 | 0 | |a riadenie podnikové |
| 610 | 2 | 0 | |a trh zahraničný |
| 610 | 2 | 0 | |a rozpočet podnikový |
| 610 | 2 | 0 | |a podpora podnikania |
| 610 | 2 | 0 | |a programy rozvojové |
| 610 | 2 | 0 | |a podnik rodinný |
| 610 | 2 | 0 | |a vzťahy pracovnoprávne |
| 610 | 2 | 0 | |a podnikanie malé |
| 610 | 2 | 0 | |a podnikanie stredné |
| 610 | 2 | 0 | |a marketing |
| 610 | 2 | 0 | |a pomoc štátna |
| 100 | 1 | |a Strážovská, Helena | |
| 700 | 1 | |a Strážovská, Ľubomíra | |